| 000 -LEADER |
| fixed length control field |
00493cam a2200169 i 4500 |
| 020 ## - INTERNATIONAL STANDARD BOOK NUMBER |
| ISBN |
9789996310171 |
| 040 ## - CATALOGING SOURCE |
| Transcribing agency |
DLC |
| 082 ## - DEWEY DECIMAL CLASSIFICATION NUMBER |
| Classification number |
320 THE 2015 C323 Or. |
| 245 00 - TITLE STATEMENT |
| Title |
Learning for resilience : |
| Remainder of title |
insights from Cambodia's rural communities / |
| 300 ## - PHYSICAL DESCRIPTION |
| Number of Pages |
xvi, 272 pages ; |
| Dimensions |
26 cm |
| 650 #0 - SUBJECT ADDED ENTRY--TOPICAL TERM |
| Topical Term |
Environmental management |
| 650 #0 - SUBJECT ADDED ENTRY--TOPICAL TERM |
| Topical Term |
Sustainable agriculture |
| 650 #0 - SUBJECT ADDED ENTRY--TOPICAL TERM |
| Topical Term |
Food security |
| 700 1# - ADDED ENTRY--PERSONAL NAME |
| Personal name |
Diepart, Jean-Christophe, |
| 710 2# - ADDED ENTRY--CORPORATE NAME |
| Corporate name or jurisdiction name as entry element |
Learning Institute (Cambodia), |
| 942 ## - ADDED ENTRY ELEMENTS (KOHA) |
| Koha item type |
ADB |
| 952 ## - LOCATION AND ITEM INFORMATION (KOHA) |
| Withdrawn status [LOCAL, KOHA] |
0 |